E-komunikácia v komunikačnom procese integrácie do Európskej únie

Salvato in:
Dettagli Bibliografici
Autore principale: Surovi, Pavel
Natura: Capitolo di libro
Lingua:slovacco
Tags: Aggiungi Tag
Nessun Tag, puoi essere il primo ad aggiungerne!!

MARC

LEADER 00000naa$a2200000$$$4500
001 0061221
005 20240502071702.2
041 0 |a slo 
044 |a SK 
245 1 0 |a E-komunikácia v komunikačnom procese integrácie do Európskej únie  |c Pavel Surovi 
100 1 |a Surovi, Pavel